000 00307nam a22001337a 4500
008 181018b xxu||||| |||| 00| 0 eng d
020 _a9780415945233
041 _aeng
080 _22nd
_a371
100 _a46
101 _aEDU
245 _aThe Curriculum Studies Reader
_cFlinders, D.J
942 _2udc
_cBK
999 _c50124
_d50124